Drzewa Polski - zasięgi - Statystyki

Ogólne statystyki
  • Ten quiz został rozwiązany 104 razy
  • Średni wynik to 2 z 10
Statystyki odpowiedzi
Obrazkowy Odpowiedź % Poprawnych
dąb bezszypułkowy
82%
jodła pospolita
61%
sosna zwyczajna
30%
olsza
19%
buk zwyczajny
16%
jarząb szwedzki
12%
cis zwyczajny
7%
jawor
7%
świerk pospolity górski
7%
świerk pospolity północny
7%
Nie znaleziono quizów pasujących do podanych kryteriów
Rozkład punktacji
Procent ludzi z każdym wynikiem
Percentyl według liczby udzielonych odpowiedzi
Twoja historia wyników
Nie rozwiązałeś tego quizu